Statistics for Countries Starting With U, V, Y And Z

Click here to take the quiz!

General Stats

  • This quiz has been taken 195 times
  • The average score is 13 of 14

Answers on the Map

Answers color-coded by a green-red scale on the quiz's map according to % correct below.
 

Answer Stats

Country% Correct
United Kingdom
98%
United States of America
98%
Yemen
98%
Zimbabwe
98%
Zambia
96%
Uruguay
95%
Venezuela
92%
Uganda
89%
United Arab Emirates
88%
Vanuatu
88%
Uzbekistan
87%
Vatican City
85%
Vietnam
83%
Ukraine
80%

Score Distribution

Percentile by Number Answered

Percent of People with Each Score

Your Score History

You have not taken this quiz